| 000 | 01398nam a2200313 4500 | ||
|---|---|---|---|
| 001 | 0000031100 | ||
| 003 | CO-CtgCURN | ||
| 005 | 20250527175504.0 | ||
| 007 | ta | ||
| 008 | 160708s1993 000 0 eng d | ||
| 040 |
_aCO-CtgCURN _bspa _ccoctgcurn |
||
| 082 | 0 |
_a617.69 _bR422m |
|
| 100 | 1 | _aRicciulli Vidal, José Vicente. | |
| 245 | 1 | 0 |
_aManual de prostodoncia total preclínica y clínica / _cJosé Vicente Ricciulli Vidal. |
| 250 | _a9a ed. | ||
| 260 |
_aCartagena de Indias : _bUniversidad de Cartagena, _c1993. |
||
| 300 | _a153 p. | ||
| 336 | _2rdacontent | ||
| 337 |
_2rdamedia _asin mediacion _bn |
||
| 338 |
_2rdacarrier _avolumen _bnc |
||
| 500 | _aIncluye indice. | ||
| 505 | 8 | _a505Prostodoncia total preclinica.--Prostodoncia total clinica.--Tratamiento del paciente desdentado total superior e inferior.--Tratamiento del paciente desdentado superior con protesis parcial removible inferior.--Tratamiento del paciente desdentado superior.--Tratamiento del paciente desdentado Inferior.--Historia clinica-protesis total.--Sobredentadura.--Reparaciones.--Rebases.--Cambio de bases | |
| 650 | 1 | 4 |
_aProtesis _vExtremidades inferiores. |
| 650 | 1 | 4 | _aProtesis dental parcial removible. |
| 730 | 0 | _aBolivar-Bibliografia regional. | |
| 908 | _a160708 | ||
| 942 |
_cBK _h617.69 _iR422m _2ddc _n0 |
||
| 999 |
_c23444 _d23444 |
||